Middle East - True or False - Statistics

General Stats
  • This quiz has been taken 45 times
    33 since last reset
  • The average score is 8 of 12
Answer Stats
Question Answer % Correct
Kuwait borders the Dead Sea False
75%
The Middle East barely produces any oil False
75%
Bahrain is a part of Qatar False
75%
Oman has two capitals False
75%
There is a lot of desert in the Middle East True
75%
The language in Iran is Persian True
75%
The main religion of the Middle East is Sikhism False
63%
The capital of Saudi Arabia is Riyadh True
63%
The main language in the Middle East is Arabic True
63%
Israel shares a land border with Iraq False
50%
Egypt is considered part of the Middle East True
50%
There are 16 countries that comprise the Middle East* True
38%
No matching quizzes found
Score Distribution
Percent of People with Each Score
Percentile by Number Answered
Your Score History
You have not taken this quiz since the last reset